00270nam a2200121Ia 4500008004100000100000900041245002700050260002900077300000800106650001000114942000700124999001700131190216s9999||||xx |||||||||||||| ||und|| aNull 0aHindi-Sotyhanthra Balv bMac Millian And Com. Ltd a142 aHindi cBK c15707d15707